Movies Quiz

Random Movies or Actor Quiz

Whose movie is it? Quiz Stats

 Plays Quiz not verified by Sporcle

Support Sporcle.
Go Orange.
Score 0/24 Timer 05:00
0 Plays Today
Movie Actor % Correct
Wayne's WorldMike Myers
91.7%
Charlie Wilson's WarTom Hanks
89.7%
Schindler's ListLiam Neeson
88.3%
The King's SpeechColin Firth
88.3%
A Knight's TaleHeath Ledger
86.2%
Bridget Jones's DiaryRenee Zellweger
80.7%
Ocean's Eleven (1960)Frank Sinatra
80%
The Sorcerer's Apprentice (2010)Nicolas Cage
78.6%
Mr Bean's VacationRowan Atkinson
69.7%
The Devil's AdvocateAl Pacino
69%
Madea's Family ReunionTyler Perry
65.5%
The Time Traveler's WifeEric Bana
51.7%
Movie Actor % Correct
Brewster's Millions (1985)Richard Pryor
49%
Ulee's GoldPeter Fonda
38.6%
Jacob's Ladder (1990)Tim Robbins
35.2%
Muriel's WeddingToni Collette
23.4%
Murphy's RomanceJames Garner
17.2%
Charlie's Angels (2000)John Forsythe
12.4%
Howl's Moving Castle (voice; English version)Christian Bale
11%
The Butcher's Wife (1991)Jeff Daniels
5.5%
Cookie's FortunePatricia Neal
2.1%
Murphy's WarPeter O'Toole
2.1%
Murphy's Law (1986)Charles Bronson
2.1%
Porky's RevengeChuck Mitchell
0.7%

You're not logged in!

Compare scores with friends on all Sporcle quizzes.
OR
Log In

From the Vault

Click the Capitals: W-Z

by citkeane

Last in the alphabet, first in your hearts.
Remove Ads.
Support Sporcle.
Get the best of Sporcle when you Go Orange. This ad-free experience offers more features, more stats, and more fun while also helping to support Sporcle. Thank you for becoming a member.

Show Comments

Extras

Created Mar 19, 2011ReportNominate
Tags:Actor Quiz, Character

Top Quizzes Today


Score Distribution

Your Account Isn't Verified!

In order to create a playlist on Sporcle, you need to verify the email address you used during registration. Go to your Sporcle Settings to finish the process.

Report this User

Report this user for behavior that violates our Community Guidelines.

Details: